000 00365nam a2200145Ia 4500
008 230711s9999||||xx |||||||||||||| ||und||
041 _aENG
082 _a20
_bRR-L
100 _aRR.Bowker
245 0 _aUlrich's international periodical
250 _a26th . Ed.
260 _c1987
_aNew York
_bR.R. Bowker
650 _aLibrary and Information Science
942 _cBK
999 _c1249
_d1249